000 00699nam a2200253 i 4500
001 C2-0131269
003 PPAK
005 20180727122247.0
008 971011s my |||| ||||| | eng d
020 _a9837100656
040 _aPPAK
_beng
_cPPAK
_erda
082 0 4 _a398.2
_223
090 0 0 _a398.2
_bPIN
_dK
245 0 0 _aPinocchio
264 1 _aKuala Lumpur :
_bAgents' Digest ,
_c[date of publication not identified]
300 _a15 pages ;
_c26 cm
336 _2rdacontent
_atext
337 _2rdamedia
_aunmediated
338 _2rdacarrier
_avolume
490 1 _aHappy fairy tales kingdom
650 1 0 _aFolk literature, English
830 0 _aHappy fairy tales kingdom
942 _ddc
_cB
999 _c40619
_d40619